000 00341 a2200157 4500
001 74239
020 _a
040 _cAnchieta - Colégio São Paulo
100 _aMuller, Marina
240 1 0 _aOrientação vocacional
_lpor
245 1 0 _aOrientação vocacional
300 _a150
362 0 _a1988
650 4 _aEducação
942 _cBK
999 _c74239
_d74239